000 00433nam a2200169Ia 4500
008 230917s9999||||xx |||||||||||||| ||und||
020 _cUSD205
040 _e233268
_aMAIN
041 _aEnglish
082 _a660.6 V712F
100 _aVilladsen, John, ed.
245 0 _aFundamental bioengineering
260 _aVerlag
_bWiley-VCH
_c2015
300 _axvi, 560 p.
500 _a2326 15/06/2016 HBD16/6584 13/07/2016
942 _cBK
999 _c18687
_d18687